|
|
|
|
| LEADER |
03145nam a22004815i 4500 |
| 001 |
978-3-658-11368-1 |
| 003 |
DE-He213 |
| 005 |
20160426124101.0 |
| 007 |
cr nn 008mamaa |
| 008 |
151117s2015 gw | s |||| 0|eng d |
| 020 |
|
|
|a 9783658113681
|9 978-3-658-11368-1
|
| 024 |
7 |
|
|a 10.1007/978-3-658-11368-1
|2 doi
|
| 040 |
|
|
|d GrThAP
|
| 050 |
|
4 |
|a HD28-70
|
| 072 |
|
7 |
|a KJC
|2 bicssc
|
| 072 |
|
7 |
|a BUS041000
|2 bisacsh
|
| 082 |
0 |
4 |
|a 658.4092
|2 23
|
| 100 |
1 |
|
|a Hoffmann, Alexander.
|e author.
|
| 245 |
1 |
0 |
|a Value Capture in Disintegrated Value Chains
|h [electronic resource] :
|b The Hierarchy Strategy /
|c by Alexander Hoffmann.
|
| 264 |
|
1 |
|a Wiesbaden :
|b Springer Fachmedien Wiesbaden :
|b Imprint: Springer Gabler,
|c 2015.
|
| 300 |
|
|
|a XX, 138 p. 16 illus., 11 illus. in color.
|b online resource.
|
| 336 |
|
|
|a text
|b txt
|2 rdacontent
|
| 337 |
|
|
|a computer
|b c
|2 rdamedia
|
| 338 |
|
|
|a online resource
|b cr
|2 rdacarrier
|
| 347 |
|
|
|a text file
|b PDF
|2 rda
|
| 490 |
1 |
|
|a Innovation und Entrepreneurship
|
| 520 |
|
|
|a Using cooperative game theory, this book shows how bargaining structure affects the distribution of value among the constituent firms of the value chain. Results show that positions in the bargaining structure most conducive to value capture are those where large complementarity gains are realized and split, ideally, among a small number of negotiators. Further, leveraging case studies from the aviation and home appliance industries the author suggests that the bargaining structure can be shaped through by architecture of the value chain and, in turn, through the architecture of the product, and the action of powerful firms to optimize value capture. Contents Determinants of value capture Bargaining structure Modeling the effect of bargaining structure on value capture Drivers of bargaining structure and empirical implications of the hierarchy strategy Target Groups Researchers and students in the fields of technology management, innovation management, strategic business management, and supply chain management Managers and practitioners in the fields of business strategy, procurement, and supply chain management The Author Alexander Hoffmann is a researcher in the field of technology and innovation management at the TU München, Germany, and a management consultant. The Editors The series Innovation und Entrepreneurship is edited by Prof. Dr. Nikolaus Franke, Prof. Dietmar Harhoff, Ph.D., Prof. Dr. Joachim Henkel, and Prof. Dr. Carolin Häußler.
|
| 650 |
|
0 |
|a Business.
|
| 650 |
|
0 |
|a Leadership.
|
| 650 |
|
0 |
|a Management.
|
| 650 |
|
0 |
|a Industrial management.
|
| 650 |
|
0 |
|a Production management.
|
| 650 |
1 |
4 |
|a Business and Management.
|
| 650 |
2 |
4 |
|a Business Strategy/Leadership.
|
| 650 |
2 |
4 |
|a Innovation/Technology Management.
|
| 650 |
2 |
4 |
|a Operations Management.
|
| 710 |
2 |
|
|a SpringerLink (Online service)
|
| 773 |
0 |
|
|t Springer eBooks
|
| 776 |
0 |
8 |
|i Printed edition:
|z 9783658113674
|
| 830 |
|
0 |
|a Innovation und Entrepreneurship
|
| 856 |
4 |
0 |
|u http://dx.doi.org/10.1007/978-3-658-11368-1
|z Full Text via HEAL-Link
|
| 912 |
|
|
|a ZDB-2-SBE
|
| 950 |
|
|
|a Business and Economics (Springer-11643)
|